Directing television: a professional survival guide / (Record no. 2989)

000 -LEADER
fixed length control field 00897pam a2200289 a 4500
001 - CONTROL NUMBER
control field 2454129
003 - CONTROL NUMBER IDENTIFIER
control field OSt
005 - DATE AND TIME OF LATEST TRANSACTION
control field 20160829103540.0
008 - FIXED-LENGTH DATA ELEMENTS--GENERAL INFORMATION
fixed length control field 890331s1990 caua b 001 0 eng
010 ## - LIBRARY OF CONGRESS CONTROL NUMBER
LC control number 89032811
020 ## - INTERNATIONAL STANDARD BOOK NUMBER
International Standard Book Number 9781408139813
040 ## - CATALOGING SOURCE
Original cataloging agency DLC
Transcribing agency DLC
Modifying agency DLC
050 00 - LIBRARY OF CONGRESS CALL NUMBER
Classification number PN1992.75.B36 2012
Item number
082 00 - DEWEY DECIMAL CLASSIFICATION NUMBER
Classification number 791.43/0233
Edition number 20
100 1# - MAIN ENTRY--PERSONAL NAME
Personal name Bamford, Nick.
245 10 - TITLE STATEMENT
Title Directing television: a professional survival guide /
Statement of responsibility, etc Nick Bamford
250 ## - EDITION STATEMENT
Edition statement
260 ## - PUBLICATION, DISTRIBUTION, ETC. (IMPRINT)
Place of publication, distribution, etc UK. :
Name of publisher, distributor, etc Bloomsbury Publishers.,
Date of publication, distribution, etc c2012.
300 ## - PHYSICAL DESCRIPTION
Extent ix, 209 p. :
Other physical details ill. ;
Dimensions 24 cm.
500 ## - GENERAL NOTE
General note Includes index.
504 ## - BIBLIOGRAPHY, ETC. NOTE
Bibliography, etc .
650 #0 - SUBJECT ADDED ENTRY--TOPICAL TERM
Topical term or geographic name as entry element Television
General subdivision Production and direction.
650 #0 - SUBJECT ADDED ENTRY--TOPICAL TERM
Topical term or geographic name as entry element Motion pictures
General subdivision Production and direction.
906 ## - LOCAL DATA ELEMENT F, LDF (RLIN)
a 7
b cbc
c orignew
d 1
e ocip
f 19
g y-gencatlg
942 ## - ADDED ENTRY ELEMENTS (KOHA)
Source of classification or shelving scheme
Koha item type Book
Holdings
Withdrawn status Lost status Source of classification or shelving scheme Damaged status Not for loan Home library Current library Shelving location Date acquired Total Checkouts Total Renewals Full call number Barcode Date last seen Date checked out Copy number Price effective from Koha item type
          Riara University Library Riara University Library General stack 29/08/2016 4 2 PN1992.75.B36 2012 7961/16 19/09/2023 07/08/2023 C.1 29/08/2016 Book

Riara University Library,
P.O. Box 49940-00100,
Nairobi, Kenya.